FOOD BORNE ILLNESSES (Record no. 28565)

MARC details
000 -LEADER
fixed length control field 00333nam a22001577a 4500
003 - CONTROL NUMBER IDENTIFIER
control field SGT
020 ## - INTERNATIONAL STANDARD BOOK NUMBER
International Standard Book Number 978-81-7910-256-5
082 ## - DEWEY DECIMAL CLASSIFICATION NUMBER
Classification number 641.3
Item number MOD
100 ## - MAIN ENTRY--PERSONAL NAME
Personal name MODI,H.A.
245 ## - TITLE STATEMENT
Title FOOD BORNE ILLNESSES
250 ## - EDITION STATEMENT
Edition statement 1ST
260 ## - PUBLICATION, DISTRIBUTION, ETC. (IMPRINT)
Place of publication, distribution, etc INDIA
Name of publisher, distributor, etc AAVISHKAR PUB.
Year of Publication 2023
300 ## - PAGE DESCRIPTION
No. of Pages 192
650 ## - SUBJECT ADDED ENTRY--TOPICAL TERM
Topical term or geographic name as entry element FOOD BORNE
942 ## - ADDED ENTRY ELEMENTS (KOHA)
Source of classification or shelving scheme Dewey Decimal Classification
Koha item type Books
Holdings
Withdrawn status Lost status Source of classification or shelving scheme Damaged status Not for loan Collection code Home library Current library Shelving location Date acquired Vendor Name Cost, normal purchase price SGTU Bill Number Full call number Accession No. (Barcode) Date last seen Bill Date Koha item type Total Checkouts
    Dewey Decimal Classification   Not For Loan HOTEL MANAGEMENT SGT Science & Social Sciences Library SGT Science & Social Sciences Library Reference Book 31/12/2024 BIRJWASI 1700.00 SGTU BW00094 641.3 MOD HM1338 31/12/2024   Books  
    Dewey Decimal Classification     HOTEL MANAGEMENT SGT Science & Social Sciences Library SGT Science & Social Sciences Library Text Book 31/12/2024 BIRJWASI 1700.00 SGTU BW00094 641.3 MOD HM1339 31/12/2024   Books